Aproximaciones críticas al mundo narrativo de José María Merino / (Record no. 17313)

MARC details
000 -LEADER
campo de control de longitud fija 00819nam a2200253 i 4500
001 - NÚMERO DE CONTROL
campo de control 17313
003 - IDENTIFICADOR DE NÚMERO DE CONTROL
campo de control ES-MaACL
005 - FECHA Y HORA DE LA ÚLTIMA TRANSACCIÓN
campo de control 20251003193213.0
007 - CAMPO FIJO DE DESCRIPCIÓN FÍSICA--INFORMACIÓN GENERAL
campo de control de longitud fija t|
008 - DATOS DE LONGITUD FIJA--INFORMACIÓN GENERAL
campo de control de longitud fija 010126s2000 sp |||| | spa d
020 ## - NÚMERO INTERNACIONAL ESTÁNDAR DEL LIBRO
Número Internacional Estándar del Libro 84-8012-298-6
080 ## - NÚMERO DE LA CLASIFICACIÓN DECIMAL UNIVERSAL
Número de la Clasificación Decimal Universal 821.134.2 Merino, José María 1.06
245 00 - MENCIÓN DEL TÍTULO
Título Aproximaciones críticas al mundo narrativo de José María Merino /
Mención de responsabilidad, etc. edición de Angeles Encinar y Kathleen M. Glenn.
250 ## - MENCION DE EDICION
Mención de edición 1ª ed.
260 ## - PUBLICACIÓN, DISTRIBUCIÓN, ETC.
Lugar de publicación, distribución, etc. León :
Nombre del editor, distribuidor, etc. Edilesa,
Fecha de publicación, distribución, etc. 2000.
300 ## - DESCRIPCIÓN FÍSICA
Extensión 270 p. ;
Dimensiones 22 cm.
490 1# - MENCIÓN DE SERIE
Mención de serie Edilesa ensayo
600 14 - PUNTO DE ACCESO ADICIONAL DE MATERIA--NOMBRE DE PERSONA
Nombre de persona Merino, José María,
Fechas asociadas al nombre 1941-
Subdivisión general Crítica e interpretación
9 (RLIN) 80522
700 1# - ENTRADA AGREGADA--NOMBRE PERSONAL
Nombre de persona Encinar, María Angeles.
9 (RLIN) 47178
700 1# - ENTRADA AGREGADA--NOMBRE PERSONAL
Nombre de persona Glenn, Kathleen M.
9 (RLIN) 57431
830 0# - PUNTO DE ACCESO ADICIONAL DE SERIE-TÍTULO UNIFORME
Título uniforme Edilesa ensayo
9 (RLIN) 228704
852 ## - LOCALIZACIÓN
Ubicación ES-MaACL
Número de control de estantería L-24175
Holdings
Estatus retirado Estado de pérdida Estado de daño No para préstamo Biblioteca de origen Biblioteca actual Ubicación en estantería Fecha de adquisición Fuente de adquisición Total de préstamos Signatura topográfica completa Código de barras Visto por última vez Precio de reemplazo Tipo de ítem Koha
        Biblioteca del Ateneo de Madrid Biblioteca del Ateneo de Madrid Depósito 2 17/01/2008     L-24175 1017664 23/02/2023 23/02/2023 Libro impreso